Welcome to WEB OPAC of MRSPTU Central Library

EHV-AC HVDC transmission and distribucation engineering (Record no. 3879)

MARC details
000 -LEADER
fixed length control field 00389nam a2200145Ia 4500
008 - FIXED-LENGTH DATA ELEMENTS--GENERAL INFORMATION
fixed length control field 230711s9999||||xx |||||||||||||| ||und||
041 ## - LANGUAGE CODE
Language code of text/sound track or separate title ENG
082 ## - DEWEY DECIMAL CLASSIFICATION NUMBER
Classification number 621.381
Item number RA-E
100 ## - MAIN ENTRY--PERSONAL NAME
Personal name Rao Sunil S
245 #0 - TITLE STATEMENT
Title EHV-AC HVDC transmission and distribucation engineering
250 ## - EDITION STATEMENT
Edition statement 3rd Ed.
260 ## - PUBLICATION, DISTRIBUTION, ETC.
Date of publication, distribution, etc. 2001
Place of publication, distribution, etc. New Delhi
Name of publisher, distributor, etc. Khanna Publishers
650 ## - SUBJECT ADDED ENTRY--TOPICAL TERM
Topical term or geographic name entry element Electrical Engineering
942 ## - ADDED ENTRY ELEMENTS (KOHA)
Koha item type Book
Holdings
Withdrawn status Lost status Damaged status Not for loan Collection Home library Current library Date acquired Total checkouts Full call number Barcode Date last seen Price effective from Koha item type
          MRSPTU Central Library MRSPTU Central Library     621.381 RA-E 13172 08/17/2023 08/17/2023 Book
          MRSPTU Central Library MRSPTU Central Library     621.381 RA-E 13173 08/17/2023 08/17/2023 Book
          MRSPTU Central Library MRSPTU Central Library     621.381 RA-E 13174 08/17/2023 08/17/2023 Book
          MRSPTU Central Library MRSPTU Central Library     621.381 RA-E 13175 08/17/2023 08/17/2023 Book
          MRSPTU Central Library MRSPTU Central Library     621.381 RA-E 13176 08/17/2023 08/17/2023 Book

Website Designed and Developed by MRSPTU Central Library Team

E-mail Id: librarian@mrsptu.ac.in